|
|
|
|
| LEADER |
01221nam a2200313 a 4500 |
| 001 |
42291 |
| 003 |
BD-DhAAL |
| 005 |
20240218142354.0 |
| 008 |
240218t2010 bg b b 001 0 eng d |
| 010 |
|
|
|a 2010319646
|
| 020 |
|
|
|a 9789848810002
|
| 025 |
|
|
|a B-E-2010-319646; 22-92
|
| 040 |
|
|
|a DLC
|b eng
|c DLC
|d DLC
|d ANL
|d BD-DhAAL
|
| 042 |
|
|
|a lcode
|a anuc
|
| 043 |
|
|
|a a-bg---
|a a-ii---
|
| 050 |
0 |
0 |
|a DS394.73.I4
|b R37 2010
|
| 082 |
0 |
4 |
|a 327.5492054
|2 23
|
| 100 |
1 |
|
|a Rashid, Harun ur,
|d 1934-
|
| 245 |
1 |
0 |
|a Bangladesh-India relations :
|b living with a big neighbour /
|c Harun Ur Rashid.
|
| 264 |
|
|
|a Dhaka :
|b A.H. Development Pub. House,
|c 2010.
|
| 300 |
|
|
|a 274 pages :
|b 1 map ;
|c 23 cm.
|
| 504 |
|
|
|a Includes bibliographical references and index.
|
| 541 |
|
|
|a Donated by Rebecca Dipa Khan
|e 42291
|
| 651 |
|
0 |
|a Bangladesh
|x Foreign relations
|z India.
|
| 651 |
|
0 |
|a India
|x Foreign relations
|z Bangladesh.
|
| 852 |
|
|
|a Ayesha Abed Library
|c General Stacks
|
| 942 |
|
|
|2 ddc
|c BK
|
| 999 |
|
|
|c 46411
|d 46411
|
| 952 |
|
|
|0 0
|1 0
|2 ddc
|4 0
|6 327_549205400000000_RAS
|7 0
|9 75144
|a BRACUL
|b BRACUL
|c GEN
|d 2024-02-18
|e Donated By Rebecca Dipa Khan
|g 600.00
|l 1
|m 25
|o 327.5492054 RAS
|p 3010042291
|q 2026-05-20
|r 2025-10-28
|s 2025-10-28
|t 1
|w 2024-02-18
|y BK
|